000 00355nam a2200109 4500
999 _c10564
_d10564
008 180906b ||||| |||| 00| 0 eng d
245 _aRising from floods, fire, Marikina school library gets digital boost.
260 _aPhilippines
_bPhilippine Daily Inquirer
_cc2016
300 _apage B-13.
650 0 _930957
_aInformation technology.
942 _2ddc
_cPER